| Tag |
First Indicator |
Second Indicator |
Subfields |
| LEADER |
00000cem a2200000Ia 4500 |
| 001 |
in00001691913 |
| 005 |
20151024133535.0 |
| 007 |
aj canzn |
| 008 |
011121t20011996txu a s 0 eng d |
| 034 |
1 |
|
|a a
|b 506880
|d W0981500
|e W0953000
|f N0294500
|g N0270000
|
| 035 |
|
|
|a (OCoLC)ocm48472827
|
| 040 |
|
|
|a IKM
|c IKM
|d TXA
|d UtOrBLW
|
| 049 |
|
|
|a TXAM
|
| 086 |
|
|
|a P400.8 G798 2001
|2 txdocs
|
| 090 |
|
|
|a G4032.C6D4 2001
|b .T4
|
| 110 |
1 |
|
|a Texas.
|b Parks and Wildlife Department.
|
| 245 |
1 |
4 |
|a The Great Texas Coastal Birding Trail :
|b central Texas coast.
|
| 250 |
|
|
|a 3rd ed. 2001.
|
| 255 |
|
|
|a Scale [ca. 1:506,880]. 1 in. to approx. 8 miles.
|c (W 98⁰45ʹ--W 95⁰30ʹ/N 29⁰45ʹ--N 27⁰00ʹ).
|
| 264 |
|
1 |
|a Austin, Tex. :
|b Texas Dept. of Transportation :
|b Texas Parks and Wildlife,
|c 2001
|
| 264 |
|
4 |
|c ©1996
|
| 300 |
|
|
|a 1 map :
|b color ;
|c 83 x 90 cm. folded to 21 x 12 cm.
|
| 336 |
|
|
|a cartographic image
|b cri
|2 rdacontent
|
| 337 |
|
|
|a unmediated
|b n
|2 rdamedia
|
| 338 |
|
|
|a sheet
|b nb
|2 rdacarrier
|
| 500 |
|
|
|a Includes legend.
|
| 500 |
|
|
|a The 95 birding sites described on verso.
|
| 500 |
|
|
|a Cartographic material.
|
| 650 |
|
0 |
|a Birding sites
|z Texas
|v Maps.
|
| 650 |
|
0 |
|a Trails
|z Texas
|v Maps.
|
| 651 |
|
0 |
|a Texas
|v Maps.
|
| 710 |
1 |
|
|a Texas.
|b Department of Transportation.
|
| 994 |
|
|
|a E0
|b TXA
|
| 999 |
|
|
|a MARS
|
| 999 |
f |
f |
|s d8f83d38-cafe-30eb-bb56-a60c5ba7bcd6
|i 96aae437-d04b-3d5a-ae25-8e3612c5df99
|t 0
|
| 952 |
f |
f |
|p normal
|a Texas A&M University
|b College Station
|c Sterling C. Evans Library
|d Evans: Maps (2nd floor)
|t 0
|e G4032.C6D4 2001 .T4
|h Library of Congress classification
|i unmediated -- sheet
|m A14837888038
|
| 998 |
f |
f |
|a G4032.C6D4 2001 .T4
|t 0
|l Evans: Maps (2nd floor)
|